| 000 | 00944nam0a22002651 4500 | ||
|---|---|---|---|
| 001 | RU\NLR\INFOCOMM_161\5000078700 | ||
| 005 | 20260407105013.0 | ||
| 035 | _a(NLR Aleph) 009320439 | ||
| 090 |
_a9392299 _c9392298 |
||
| 100 | _a20100830d1970 |||y0rusy50 ca | ||
| 101 | 0 | _afre | |
| 102 | _aRU | ||
| 105 | _ay ||||000|y | ||
| 200 | 1 |
_aStructures familiales dans le moyen âge occidental _fG. Duby (France) _gXIII-e Congrès international des sciences historiques. Moscou, 16-23 août 1970 |
|
| 210 |
_aM. _c"Naouka" _d1970 |
||
| 215 |
_a8 с. _d20 см |
||
| 320 | _aБиблиогр. в примеч.: с. 8 | ||
| 686 |
_aЭт20[Т51(4)519] _2rubbk |
||
| 700 | 1 |
_aDuby _bG. _f1919-1996 _gGeorges _4070 |
|
| 712 | 1 | 2 |
_4570 _8fre _aCongrès international des sciences historiques _d13 _f1970 _eMoscou _7ba _3RU\NLR\AUTH\8810060655 _9622696 |
| 801 | 1 |
_aRU _bNLR _c20100830 |
|
| 801 | 0 |
_aRU _bNLR _gPSBO |
|
| 852 |
_aNLR _jГ01 Д-4/29 |
||
| 942 | _cBOOK | ||
| 980 | _aNB | ||